Widok standardowy
Widok MARC
Pozycja Personal Name
Liczba rekordów, w których użyto hasła: 1
001 - Numer kontrolny
- control field: 40967
003 - Identyfikator numeru kontrolnego
- control field: NUKAT
005 - Data i czas ostatniej modyfikacji
- control field: 20260430103857.0
008 - Dane kontrolne kodowane (40 znaków)
- fixed length control field: 120416n||a|znnaabn |a aaa |c
010 ## - Numer kontrolny Biblioteki Kongresu
- numer kontrolny LC: n 2012066951
040 ## - Instytucja sporządzająca rekord
- inst. przygot. dane do rek. khw: WR U/ms
- język haseł przedmiotowych/tezaurus: kaba
- inst. wprow. rek. khw: WR U/ms
100 1# - Hasło - nazwa osobowa
- nazwa osobowa w formie ujednoliconej: Romanowska, Elżbieta
- dopowiedzenie inne niż daty biograficzne: (historia).
670 ## - Źródło informacji
- źródło informacji: OPI online
670 ## - Źródło informacji
- źródło informacji: Kp. Karzące ramię sprawiedliwości ludowej : prokuratury wojskowe w Polsce w latach 1944-1955 / Elżbieta Romanowska. - Warszawa, 2012.
- gdzie znaleziono informację: Biogram; (starszy specjalista w Instytucie Pamięci Narodowej - Komisja Ścigania Zbrodni przeciwko Narodowi Polskiemu)